| 000 | 00371nam a2200121Ia 4500 | ||
|---|---|---|---|
| 008 | 191129s9999 xx 000 0 und d | ||
| 020 | _a9781472951373 | ||
| 100 | _aBurrett, Martin | ||
| 245 |
_cMartin Burrett _a100 Ideas for primary teachers: _bcoding/ |
||
| 260 |
_aLondon: _bBloomsbury Education _c2018 |
||
| 300 |
_ax, 118 p. ; _c20 cm. |
||
| 650 | _aEducation -- teaching | ||
| 999 |
_c362799 _d362799 |
||